<?xml version="1.0" encoding="UTF-8"?><?xml-stylesheet type="text/xsl" href="static/style.xsl"?><OAI-PMH xmlns="http://www.openarchives.org/OAI/2.0/" xmlns:xsi="http://www.w3.org/2001/XMLSchema-instance" xsi:schemaLocation="http://www.openarchives.org/OAI/2.0/ http://www.openarchives.org/OAI/2.0/OAI-PMH.xsd"><responseDate>2026-05-17T01:49:59Z</responseDate><request verb="GetRecord" identifier="oai:repisalud.isciii.es:20.500.12105/11733" metadataPrefix="marc">https://repisalud.isciii.es/rest/oai/request</request><GetRecord><record><header><identifier>oai:repisalud.isciii.es:20.500.12105/11733</identifier><datestamp>2025-06-12T10:46:45Z</datestamp><setSpec>com_20.500.12105_2052</setSpec><setSpec>com_20.500.12105_2051</setSpec><setSpec>com_20.500.12105_8137</setSpec><setSpec>com_20.500.12105_5570</setSpec><setSpec>com_20.500.12105_2404</setSpec><setSpec>com_20.500.12105_2403</setSpec><setSpec>col_20.500.12105_19614</setSpec><setSpec>col_20.500.12105_8154</setSpec></header><metadata><record xmlns="http://www.loc.gov/MARC21/slim" xmlns:dcterms="http://purl.org/dc/terms/" xmlns:doc="http://www.lyncode.com/xoai" xmlns:xsi="http://www.w3.org/2001/XMLSchema-instance" xsi:schemaLocation="http://www.loc.gov/MARC21/slim http://www.loc.gov/standards/marcxml/schema/MARC21slim.xsd">
   <leader>00925njm 22002777a 4500</leader>
   <datafield ind2=" " ind1=" " tag="042">
      <subfield code="a">dc</subfield>
   </datafield>
   <datafield ind2=" " ind1=" " tag="720">
      <subfield code="a">Gambí Pisonero, N.</subfield>
      <subfield code="e">author</subfield>
   </datafield>
   <datafield ind2=" " ind1=" " tag="720">
      <subfield code="a">Ruiz Contreras, M. L.</subfield>
      <subfield code="e">author</subfield>
   </datafield>
   <datafield ind2=" " ind1=" " tag="720">
      <subfield code="a">Maqueda-Blasco, Jeronimo</subfield>
      <subfield code="e">author</subfield>
   </datafield>
   <datafield ind2=" " ind1=" " tag="260">
      <subfield code="c">2007-12</subfield>
   </datafield>
   <datafield ind2=" " ind1=" " tag="520">
      <subfield code="a">[ES] Los avances producidos en los procesos industriales, la introducción de nuevos elementos y sustancias, el progreso en el ámbito científico y la necesidad de ajustarse a lasrecomendaciones europeas han desembocado en la aprobación del nuevo Real Decreto 1299/2006 de enfermedades profesionales. Conocer y manejar de forma adecuada la lista deenfermedades profesionales vigente es paso indispensable para proceder a declarar todas y cada una de estas enfermedades. Nuestro trabajo se centra en el análisis de la estructura y los cambios que muestra el nuevo cuadro respecto al ya derogado y comparación con las recomendaciones europeas acerca del tema La infradeclaración de EP a la que hemos estado asistiendo podría explicarse en parte por la vigencia hasta hace poco de una lista obsoleta. La reciente publicación del nuevo cuadro de EP ha generado muchas expectativas aunque no faltan opiniones críticas que ponen en duda su eficacia enla consecución del objetivo de subsanar esta infradeclaración. En general el nuevo Real Decreto se ajusta a lasRecomendaciones Europeas y aporta importantes cambios estructurales y de contenido, ajustándose a un modelo mixto. Si bien carece del enfoque preventivo que incentivaba la Unión Europea y deja a un lado las enfermedades por riesgos psicosociales. [EN] The advances produced in the industrial processes, introduction of new elements and substances, progress in the scientific scope and the need to harmonize the national regulation to the European recommendations have ended at the approval of the new Real Decree 1299/2006 of professional diseases. To know and to handle in a suitable way the effective professional diseases list it is an indispensable step in order to notify all and each one of these diseases. Our study is focused in the analysis of the structure and the changes that the new list shows with respect to the precedent one and the comparison with the European recommendation concerning this subjet.The infra- notification of professional diseases,we have been attending, could be explained, partly, by the use, of a obsolete list, until recently.The recent publication of the new list has generated many expectations, although there are opinions that put in doubt its effectiveness in the attainment of the objective to correct this infra notification. In general, the new Real Decree adjust to theEuropean recommendation and include important changes at bough levels: structure and contents,adjusting to a mixed model. Although its preventiveapproaches lacks , that was stimulated from the European Union. Nevertheless the new regulationleaves to a side the diseases by psycho-social risks atworkplace.</subfield>
   </datafield>
   <datafield ind1="8" ind2=" " tag="024">
      <subfield code="a">Med Segur Trab 2007; Vol.LIII Nº 209;45-55</subfield>
   </datafield>
   <datafield ind1="8" ind2=" " tag="024">
      <subfield code="a">10.4321/S0465-546X2007000400007</subfield>
   </datafield>
   <datafield ind1="8" ind2=" " tag="024">
      <subfield code="a">1989-7790</subfield>
   </datafield>
   <datafield ind1="8" ind2=" " tag="024">
      <subfield code="a">0465-546X</subfield>
   </datafield>
   <datafield ind1="8" ind2=" " tag="024">
      <subfield code="a">Medicina y Seguridad del Trabajo</subfield>
   </datafield>
   <datafield ind1="8" ind2=" " tag="024">
      <subfield code="a">http://hdl.handle.net/20.500.12105/11733</subfield>
   </datafield>
   <datafield tag="653" ind2=" " ind1=" ">
      <subfield code="a">Enfermedad profesional</subfield>
   </datafield>
   <datafield tag="653" ind2=" " ind1=" ">
      <subfield code="a">Medicina del Trabajo</subfield>
   </datafield>
   <datafield tag="653" ind2=" " ind1=" ">
      <subfield code="a">Professional disease</subfield>
   </datafield>
   <datafield tag="653" ind2=" " ind1=" ">
      <subfield code="a">Real Decree 1299/2006</subfield>
   </datafield>
   <datafield tag="653" ind2=" " ind1=" ">
      <subfield code="a">New features labor medicine</subfield>
   </datafield>
   <datafield tag="653" ind2=" " ind1=" ">
      <subfield code="a">New features occupational medicine</subfield>
   </datafield>
   <datafield ind2="0" ind1="0" tag="245">
      <subfield code="a">El nuevo tratamiento legal de las enfermedades profesionales en comparación con lo derogado y con la recomendación europea sobre el tema</subfield>
   </datafield>
</record></metadata></record></GetRecord></OAI-PMH>